opac header logoIBA Library

Statistical techniques in business and economics/ (Record no. 634)

MARC details
000 -LEADER
fixed length control field 00569nam a22002057a 4500
003 - CONTROL NUMBER IDENTIFIER
control field BD-DhUIB
005 - DATE AND TIME OF LATEST TRANSACTION
control field 20251101153347.0
008 - FIXED-LENGTH DATA ELEMENTS--GENERAL INFORMATION
fixed length control field 251101b |||||||| |||| 00| 0 eng d
040 ## - CATALOGING SOURCE
Original cataloging agency BD-DhUIB
Transcribing agency BD-DhUIB
050 ## - LIBRARY OF CONGRESS CALL NUMBER
Classification number 658.00212
082 ## - DEWEY DECIMAL CLASSIFICATION NUMBER
Edition number 22
100 ## - MAIN ENTRY--PERSONAL NAME
Personal name Lind, Douglas A.
9 (RLIN) 240
245 ## - TITLE STATEMENT
Title Statistical techniques in business and economics/
Statement of responsibility, etc. by Douglas A. Lind.
250 ## - EDITION STATEMENT
Edition statement 19th ed.
260 ## - PUBLICATION, DISTRIBUTION, ETC.
Place of publication, distribution, etc. United kingdom.
Name of publisher, distributor, etc. McGraw Hill.
Date of publication, distribution, etc. c2024
300 ## - PHYSICAL DESCRIPTION
Extent xxvi, 874p. :
Other physical details illus. ;
Dimensions 26cm.
526 ## - STUDY PROGRAM INFORMATION NOTE
Program name BBA
700 ## - ADDED ENTRY--PERSONAL NAME
Personal name Samuel A. Wathen.
9 (RLIN) 1065
942 ## - ADDED ENTRY ELEMENTS (KOHA)
Source of classification or shelving scheme Dewey Decimal Classification
Koha item type Books
Holdings
Withdrawn status Lost status Source of classification or shelving scheme Damaged status Not for loan Collection code Home library Current library Shelving location Date acquired Source of acquisition Total Checkouts Full call number Barcode Date last seen Copy number Price effective from Koha item type
    Dewey Decimal Classification     Non-fiction IBA Library IBA Library General Stacks 10/22/2025 Purchase   658.00212L76s 00051680 11/01/2025 C-1 11/01/2025 Books
    Dewey Decimal Classification     Non-fiction IBA Library IBA Library General Stacks 10/22/2025 Purchase   658.00212L76s 00051681 11/01/2025 C-2 11/01/2025 Books
    Dewey Decimal Classification     Non-fiction IBA Library IBA Library General Stacks 01/19/2026 Purchase   658.00212L76s 00051710 01/22/2026 C-3 01/22/2026 Books
    Dewey Decimal Classification     Non-fiction IBA Library IBA Library General Stacks 01/19/2026 Purchase   658.00212L76s 00051611 01/22/2026 C-4 01/22/2026 Books
Copyright © 2021-2026 | IBA Library
Institute of Business Administration (IBA)
University of Dhaka
Library Home | IBA Home